Introduction to Behavioral Science for Business (Record no. 483564)

MARC details
000 -LEADER
fixed length control field 00761nam a2200229Ia 4500
008 - FIXED-LENGTH DATA ELEMENTS--GENERAL INFORMATION
fixed length control field 100315s9999 xx 000 0 und d
020 ## - INTERNATIONAL STANDARD BOOK NUMBER
International Standard Book Number 0852264798 
040 ## - CATALOGING SOURCE
Transcribing agency ENGLISH 
082 ## - DEWEY DECIMAL CLASSIFICATION NUMBER
Item number 8829 
Classification number 302.35 
100 ## - MAIN ENTRY--PERSONAL NAME
Personal name "Kolasa, Blair J. "
245 ## - TITLE STATEMENT
Title Introduction to Behavioral Science for Business
260 ## - PUBLICATION, DISTRIBUTION, ETC. (IMPRINT)
Place of publication, distribution, etc NEW DELHI 
Name of publisher, distributor, etc Wiley Eastern Limited  
Date of publication, distribution, etc 1978 
300 ## - PHYSICAL DESCRIPTION
Extent "xviii,654  "
365 ## - TRADE PRICE
Price note Rupees 
Unit of pricing
Price amount 25.00 
366 ## - TRADE AVAILABILITY INFORMATION
Publishers' discount category
505 ## - FORMATTED CONTENTS NOTE
Miscellaneous information Vaibhav Gaikwad 
530 ## - ADDITIONAL PHYSICAL FORM AVAILABLE NOTE
Availability source Donated By RBI Library  
620 ## -
-- "Behavioral Science, Data and Decision Making, Input-Output System "
630 ## - SUBJECT ADDED ENTRY--UNIFORM TITLE
Uniform title Introduction to Behavioral Science for Business
730 ## - ADDED ENTRY--UNIFORM TITLE
Uniform title Introduction to Behavioral Science for Business
942 ## - ADDED ENTRY ELEMENTS (KOHA)
Koha item type Book
Holdings
Withdrawn status Lost status Damaged status Not for loan Home library Current library Date acquired Cost, normal purchase price Total Checkouts Full call number Barcode Date last seen Price effective from Koha item type
        Dr. V. N. Bedekar Institute of Management Studies Library Dr. V. N. Bedekar Institute of Management Studies Library 06/15/2009 25.00   302.35 /KOL  8829  VPMBRIMS-8829  03/19/2010 03/19/2010 Book